[Event "Olimpiade 2014 - Open"]
[Site "Tromsø"]
[Date "14.08.2014"]
[Round "11.10"]
[Board "2"]
[White "Laznicka, Viktor"]
[Black "Sargissian, Gabriel"]
[Result "0-1"]
[WhiteTitle "GM"]
[BlackTitle "GM"]
[WhiteElo "2676"]
[BlackElo "2686"]
[WhiteTeam "Czech Republic"]
[BlackTeam "Armenia"]
[WhiteFideId "316385"]
[BlackFideId "13300881"]
[EventDate "2014.08.02"]

1. f4 d5 2. d3 Nf6 3. Nf3 g6 4. Nbd2 Ng4 5. Nb3 Bg7 6. c3 h5 7. Qc2 Nc6 8. e4 b6
9. h3 Nh6 10. Be3 Bb7 11. O-O-O Qd7 12. g3 O-O-O 13. Bg2 Kb8 14. Rhe1 e6 15. Bf2
f6 16. d4 Ne7 17. Nbd2 Nf7 18. c4 dxc4 19. Nxc4 Nd6 20. Bf1 f5 21. Nce5 Qc8 22.
exf5 gxf5 23. Ng5 Bxe5 24. fxe5 Ne4 25. Nf7 Nd5 26. a3 Rhg8 27. Nxd8 Qxd8 28.
Kb1 Qg5 29. h4 Qg6 30. Bd3 a5 31. Rg1 Ka7 32. Rde1 Ba6 33. Bxa6 Kxa6 34. Be3 Qe8
35. Bc1 Rg4 36. Ref1 Nxg3 37. Rf3 Ne4 38. Rh1 Kb7 39. Ka2 a4 40. Rh2 Qb5 41. Rh1
Ne7 42. Ka1 Qd5 43. Rd1 Rxh4 44. Rf4 Rg4 45. Qxa4 Nc6 46. Rxg4 hxg4 47. Be3 f4
48. Bxf4 b5 49. Qc2 Nxd4 50. Rxd4 Qxd4 51. Qe2 b4 52. axb4 Nf2 53. Qb5+ Qb6 54.
Qd7 Qa6+ 55. Kb1 Qd3+ 56. Qxd3 Nxd3 57. Bg3 Nxb4 58. Kc1 Kc6 59. Kd2 Kd5 60. Ke3
Nc6 61. Kf4 Nxe5 62. b3 c5 63. Bh2 Nf3 64. Bg3 Nd4 65. Kxg4 Nxb3 66. Kf4 Nd4 67.
Bf2 e5+ 68. Ke3 Nf5+ 69. Kd3 e4+ 70. Kc3 e3 71. Bg1 c4 0-1

[Event "Olimpiade 2014 - Open"]
[Site "Tromsø"]
[Date "14.08.2014"]
[Round "11.10"]
[Board "3"]
[White "Movsesian, Sergei"]
[Black "Hracek, Zbynek"]
[Result "1/2-1/2"]
[WhiteTitle "GM"]
[BlackTitle "GM"]
[WhiteElo "2672"]
[BlackElo "2634"]
[WhiteTeam "Armenia"]
[BlackTeam "Czech Republic"]
[WhiteFideId "310204"]
[BlackFideId "300071"]
[EventDate "2014.08.02"]

1. e4 e5 2. Nf3 Nc6 3. Bb5 a6 4. Ba4 Nf6 5. O-O Be7 6. d3 b5 7. Bb3 d6 8. a3 O-O
9. Nc3 Nd4 10. Nxd4 exd4 11. Ne2 c5 12. Bg5 Ne8 13. Bd2 Be6 14. Bxe6 fxe6 15.
Nf4 Qc8 16. Qg4 e5 17. Qxc8 Rxc8 18. Nd5 Bd8 19. a4 b4 20. f4 exf4 21. Bxf4 Rb8
22. b3 Rb7 23. Rf3 Rbf7 24. Raf1 Rd7 25. h3 Rff7 26. Bg3 Rxf3 27. Rxf3 Rf7 28.
Kf2 Rxf3+ 29. Kxf3 Kf7 30. Bh2 Ke6 31. Nf4+ Kf7 32. Nd5 Ke6 33. Nf4+ 1/2-1/2

[Event "Olimpiade 2014 - Open"]
[Site "Tromsø"]
[Date "14.08.2014"]
[Round "11.10"]
[Board "4"]
[White "Babula, Vlastimil"]
[Black "Akopian, Vladimir"]
[Result "1/2-1/2"]
[WhiteTitle "GM"]
[BlackTitle "GM"]
[WhiteElo "2549"]
[BlackElo "2655"]
[WhiteTeam "Czech Republic"]
[BlackTeam "Armenia"]
[WhiteFideId "301264"]
[BlackFideId "13300032"]
[EventDate "2014.08.02"]

1. d4 Nf6 2. c4 e6 3. Nf3 Bb4+ 4. Bd2 c5 5. Bxb4 cxb4 6. g3 b6 7. Bg2 Bb7 8. O-O
O-O 9. Qd3 d6 10. Nbd2 Qc7 11. Rfd1 Re8 12. Ne1 Bxg2 13. Kxg2 a5 14. e4 e5 15.
Nc2 Nc6 16. f3 Nd7 17. Nf1 f5 18. exf5 exd4 19. Nxd4 Nxd4 20. Qxd4 Re2+ 21. Kh3
Nf6 22. Rd2 Rae8 23. Qd3 Rxd2 24. Nxd2 Qc5 25. Ne4 Qxf5+ 26. Kg2 Nxe4 27. Re1
Qf6 28. Re2 h6 29. fxe4 Rf8 30. Rd2 a4 31. Qe2 Re8 32. Rd5 a3 33. bxa3 bxa3 34.
Rd3 Qb2 35. Qxb2 axb2 36. Rb3 Rxe4 37. Rxb2 Rxc4 38. Rxb6 Rc2+ 39. Kg1 Rxa2 40.
Rxd6 1/2-1/2

[Event "Olimpiade 2014 - Open"]
[Site "Tromsø"]
[Date "14.08.2014"]
[Round "11.11"]
[Board "1"]
[White "Zhigalko, Sergei"]
[Black "Topalov, Veselin"]
[Result "1/2-1/2"]
[WhiteTitle "GM"]
[BlackTitle "GM"]
[WhiteElo "2678"]
[BlackElo "2772"]
[WhiteTeam "Belarus"]
[BlackTeam "Bulgaria"]
[WhiteFideId "13502956"]
[BlackFideId "2900084"]
[EventDate "2014.08.02"]

1. e4 c5 2. Nf3 d6 3. Bb5+ Bd7 4. Bxd7+ Qxd7 5. c4 Nf6 6. Nc3 g6 7. d4 cxd4 8.
Nxd4 Bg7 9. f3 O-O 10. Be3 Rc8 11. b3 a6 12. Qd3 Nc6 13. O-O Qd8 14. Rfd1 Nd7
15. Nxc6 Rxc6 16. Bd4 Bxd4+ 17. Qxd4 e6 18. Rd2 Qa5 19. Nd1 Qg5 20. Ne3 b5 21.
Rf1 h5 22. f4 Qc5 23. e5 dxe5 24. Qxc5 Nxc5 25. fxe5 Ne4 26. Rd7 Rf8 27. Ra7 Nc3
28. Rf3 Ne2+ 29. Kf1 Nc1 30. g4 bxc4 31. bxc4 Nd3 32. gxh5 Nxe5 33. Rg3 f5 34.
hxg6 f4 1/2-1/2

[Event "Olimpiade 2014 - Open"]
[Site "Tromsø"]
[Date "14.08.2014"]
[Round "11.11"]
[Board "2"]
[White "Cheparinov, Ivan"]
[Black "Zhigalko, Andrey"]
[Result "1/2-1/2"]
[WhiteTitle "GM"]
[BlackTitle "GM"]
[WhiteElo "2681"]
[BlackElo "2580"]
[WhiteTeam "Bulgaria"]
[BlackTeam "Belarus"]
[WhiteFideId "2905540"]
[BlackFideId "13502247"]
[EventDate "2014.08.02"]

1. d4 Nf6 2. c4 e6 3. Nf3 d5 4. g3 Be7 5. Bg2 O-O 6. O-O dxc4 7. Ne5 c5 8. dxc5
Qc7 9. Nxc4 Qxc5 10. b3 Rd8 11. Nbd2 Qc7 12. Bb2 Nc6 13. Rc1 Bd7 14. e3 Be8 15.
Qe2 Nd5 16. Ne4 Rac8 17. h4 f6 18. Rfd1 Bf7 19. g4 b5 20. Ncd2 Qb6 21. Nf3 b4
22. g5 f5 23. Ng3 Qa5 24. Rxd5 exd5 25. Nxf5 Bf8 26. Bxg7 Nd4 27. Bxd4 Rxc1+ 28.
Kh2 Bh5 29. Qd3 Qc7+ 30. Ne5 Qc2 31. Ng3 Bf7 32. Qa6 Qxf2 33. Ng4 Qg1+ 34. Kh3
Rc2 35. Nf6+ Kh8 36. Nfh5+ Kg8 37. Nf6+ Kh8 38. Nfh5+ Kg8 39. Nf6+ 1/2-1/2

[Event "Olimpiade 2014 - Open"]
[Site "Tromsø"]
[Date "14.08.2014"]
[Round "11.11"]
[Board "3"]
[White "Aleksandrov, Aleksej"]
[Black "Iotov, Valentin"]
[Result "1/2-1/2"]
[WhiteTitle "GM"]
[BlackTitle "GM"]
[WhiteElo "2595"]
[BlackElo "2553"]
[WhiteTeam "Belarus"]
[BlackTeam "Bulgaria"]
[WhiteFideId "13500139"]
[BlackFideId "2906074"]
[EventDate "2014.08.02"]

1. d4 d5 2. c4 c6 3. Nc3 Nf6 4. Nf3 dxc4 5. a4 Bf5 6. Ne5 Nbd7 7. Nxc4 Qc7 8. g3
e5 9. dxe5 Nxe5 10. Bf4 Nfd7 11. Bg2 g5 12. Ne3 gxf4 13. Nxf5 O-O-O 14. O-O fxg3
15. hxg3 Kb8 16. Qc2 h5 17. Rfd1 Ng6 18. Qb3 h4 19. Qxf7 Nge5 20. Qe6 Bc5 21.
Ne4 h3 22. Bf3 Rde8 23. Qb3 Rhf8 24. Bh5 Bxf2+ 25. Kh1 Rd8 26. Ng7 Nc5 27. Nxc5
Qxg7 28. Rxd8+ Rxd8 29. Ne4 Bd4 30. Rd1 Qe7 31. Kh2 c5 32. Bf3 Rf8 33. a5 a6 34.
Kh1 Qc7 35. Qd5 Rd8 36. Qa2 Qc6 37. Ng5 Qb5 38. b3 Rg8 39. Ne4 Rf8 40. Ng5 Rg8
41. Ne4 Rf8 42. Ng5 Be3 43. Ne6 Rxf3 44. exf3 Qc6 45. Qe2 Nxf3 46. Nd8 Qe4 47.
Qd3 Nd2+ 48. Qxe4 Nxe4 49. Kh2 Kc7 50. Ne6+ Kc6 51. Nd8+ Kc7 52. Ne6+ Kc6 53.
Rd8 Bd2 54. Kxh3 Bxa5 55. Rg8 Kd6 56. Nd8 Kc7 57. Ne6+ Kd6 1/2-1/2

[Event "Olimpiade 2014 - Open"]
[Site "Tromsø"]
[Date "14.08.2014"]
[Round "11.11"]
[Board "4"]
[White "Rusev, Krasimir"]
[Black "Kovalev, Vladislav"]
[Result "0-1"]
[WhiteTitle "GM"]
[BlackTitle "GM"]
[WhiteElo "2548"]
[BlackElo "2532"]
[WhiteTeam "Bulgaria"]
[BlackTeam "Belarus"]
[WhiteFideId "2905434"]
[BlackFideId "13504398"]
[EventDate "2014.08.02"]

1. d4 Nf6 2. c4 g6 3. Nc3 Bg7 4. e4 d6 5. h3 O-O 6. Nf3 e5 7. d5 Nh5 8. g3 f5 9.
exf5 gxf5 10. Ng5 Qe8 11. c5 dxc5 12. d6 Nf6 13. Nb5 Qc6 14. Bc4+ Kh8 15. O-O a6
16. Nxc7 b5 17. Nf7+ Rxf7 18. Bxf7 Bb7 19. f3 Nbd7 20. Nxa8 Bxa8 21. Be6 f4 22.
gxf4 e4 23. Kh2 exf3 24. a4 b4 25. Be3 Qe4 26. Qxf3 Qxf3 27. Rxf3 Bxf3 28. Rc1
Bf8 29. Kg3 Bb7 30. Rd1 Bc6 31. b3 Bxd6 32. Bf5 Be7 33. Bc1 Kg7 34. Re1 Kf8 35.
Re6 Nb8 36. Bb2 Bd7 37. Rb6 Bxf5 38. Bxf6 Nd7 39. Bxe7+ Kxe7 40. Rxa6 c4 0-1

[Event "Olimpiade 2014 - Open"]
[Site "Tromsø"]
[Date "14.08.2014"]
[Round "11.12"]
[Board "1"]
[White "Lupulescu, Constantin"]
[Black "Leitao, Rafael"]
[Result "1/2-1/2"]
[WhiteTitle "GM"]
[BlackTitle "GM"]
[WhiteElo "2625"]
[BlackElo "2649"]
[WhiteTeam "Romania"]
[BlackTeam "Brazil"]
[WhiteFideId "1207822"]
[BlackFideId "2101246"]
[EventDate "2014.08.02"]

1. d4 Nf6 2. c4 e6 3. Nc3 Bb4 4. Qc2 c5 5. dxc5 O-O 6. a3 Bxc5 7. Nf3 b6 8. Bf4
Bb7 9. Rd1 Nh5 10. Ng5 g6 11. Bc1 Be7 12. Nf3 a6 13. Bh6 Re8 14. e4 Qc7 15. Qd2
d6 16. Bg5 Nf6 17. Qf4 Nh5 18. Qd2 Nf6 19. Qf4 Nh5 20. Qd2 Nf6 1/2-1/2

[Event "Olimpiade 2014 - Open"]
[Site "Tromsø"]
[Date "14.08.2014"]
[Round "11.12"]
[Board "2"]
[White "Fier, Alexandr"]
[Black "Parligras, Mircea-Emilian"]
[Result "1/2-1/2"]
[WhiteTitle "GM"]
[BlackTitle "GM"]
[WhiteElo "2570"]
[BlackElo "2574"]
[WhiteTeam "Brazil"]
[BlackTeam "Romania"]
[WhiteFideId "2107139"]
[BlackFideId "1204297"]
[EventDate "2014.08.02"]

1. d4 Nf6 2. c4 e6 3. Nc3 Bb4 4. e3 O-O 5. Ne2 d5 6. a3 Bd6 7. Ng3 c5 8. dxc5
Bxc5 9. b4 Be7 10. cxd5 exd5 11. Bd3 Nc6 12. Nce2 Ne5 13. Bb2 Nc4 14. Bc3 a5 15.
b5 Bg4 16. h3 Bxe2 17. Qxe2 Nxa3 18. O-O Bb4 19. Bd4 Re8 20. Rfc1 Bf8 21. Qf3
Re6 22. Rc3 Nc4 23. Rxc4 dxc4 24. Bxc4 Rd6 25. Nf5 Rxd4 26. Nxd4 Qe7 27. Nf5 Qe4
28. Nd4 Qxf3 29. Nxf3 Ne4 30. Bd5 Nd6 31. Nd4 a4 32. e4 Ra5 33. Nb3 Ra8 34. Nc5
Nxb5 35. Rxa4 Rxa4 36. Nxa4 Nd6 37. Nb6 g5 38. e5 Nb5 39. Bxb7 Bc5 40. Nd7 Bd4
41. g3 Nc7 42. Kg2 Kg7 43. Be4 Ne6 44. Bf5 Nc5 45. Nxc5 Bxc5 46. f4 gxf4 47.
gxf4 h6 48. Kf3 f6 49. e6 Kf8 50. Kg4 Be3 51. Be4 Ke7 52. f5 Bd2 53. Kh5 Be3 54.
Kg6 Bd2 55. h4 Be3 56. h5 Bd2 1/2-1/2

[Event "Olimpiade 2014 - Open"]
[Site "Tromsø"]
[Date "14.08.2014"]
[Round "11.12"]
[Board "3"]
[White "Jianu, Vlad-Cristian"]
[Black "Mekhitarian, Krikor Sevag"]
[Result "1/2-1/2"]
[WhiteTitle "GM"]
[BlackTitle "GM"]
[WhiteElo "2579"]
[BlackElo "2568"]
[WhiteTeam "Romania"]
[BlackTeam "Brazil"]
[WhiteFideId "1208110"]
[BlackFideId "2107660"]
[EventDate "2014.08.02"]

1. c4 Nf6 2. g3 c6 3. Bg2 d5 4. Nf3 g6 5. b3 Bg7 6. d4 O-O 7. O-O dxc4 8. bxc4
c5 9. Bb2 Qb6 10. Qb3 Ne4 11. e3 Nc6 12. Ne5 Ng5 13. Nxc6 bxc6 14. Qxb6 axb6 15.
Bxc6 Ra7 16. Nd2 Rd8 17. Nb3 Rc7 18. Bg2 cxd4 19. Bxd4 Rxc4 20. Bxb6 Rd6 21.
Rac1 Nh3+ 22. Bxh3 Rxc1 23. Rxc1 Bxh3 24. Bc5 Ra6 25. a3 Kf8 26. Nd4 Bd7 27. f3
Ke8 28. Kf2 Ra8 29. Bb4 h5 30. Nb3 Ba4 31. Nc5 Rc8 32. Nb3 Ra8 33. Nc5 Rc8 34.
Nb3 Ra8 1/2-1/2

[Event "Olimpiade 2014 - Open"]
[Site "Tromsø"]
[Date "14.08.2014"]
[Round "11.12"]
[Board "4"]
[White "Milos, Gilberto"]
[Black "Nevednichy, Vladislav"]
[Result "1/2-1/2"]
[WhiteTitle "GM"]
[BlackTitle "GM"]
[WhiteElo "2583"]
[BlackElo "2554"]
[WhiteTeam "Brazil"]
[BlackTeam "Romania"]
[WhiteFideId "2100029"]
[BlackFideId "1205730"]
[EventDate "2014.08.02"]

1. d4 Nf6 2. c4 e6 3. Nc3 Bb4 4. e3 O-O 5. Ne2 d5 6. a3 Be7 7. cxd5 exd5 8. Nf4
c6 9. Bd3 Bd6 10. O-O Re8 11. f3 Bxf4 12. exf4 b6 13. g4 Ba6 14. g5 Nh5 15. f5
Bxd3 16. Qxd3 Qd6 17. f4 Nd7 18. Bd2 Nf8 19. Rad1 Qd7 20. Qf3 g6 21. f6 Qf5 22.
Bc1 h6 23. Kg2 Re6 24. Qh3 Rae8 25. Qxf5 gxf5 26. Rd3 Re1 27. Bd2 Ng6 28. Rf2
Nh4+ 29. Kh3 Ng6 30. Kg2 Nh4+ 31. Kh3 Ng6 32. Kg2 1/2-1/2

[Event "Olimpiade 2014 - Open"]
[Site "Tromsø"]
[Date "14.08.2014"]
[Round "11.13"]
[Board "3"]
[White "Cubas, Jose Fernando"]
[Black "Tiviakov, Sergei"]
[Result "0-1"]
[WhiteTitle "GM"]
[BlackTitle "GM"]
[WhiteElo "2455"]
[BlackElo "2664"]
[WhiteTeam "Paraguay"]
[BlackTeam "Netherlands"]
[WhiteFideId "3700267"]
[BlackFideId "1008013"]
[EventDate "2014.08.02"]

1. e4 c5 2. Nf3 Nc6 3. d4 cxd4 4. Nxd4 g6 5. Be2 Bg7 6. Nb3 Nf6 7. Nc3 d6 8. O-O
O-O 9. Bg5 Be6 10. Kh1 a5 11. a4 Qc8 12. f4 Rd8 13. Bf3 Nb4 14. Nd4 Bc4 15. Be2
h6 16. Bh4 e5 17. Ndb5 exf4 18. Bxc4 Qxc4 19. Bxf6 Bxf6 20. Rxf4 Be5 21. Rf2 d5
22. Qf3 dxe4 23. Nxe4 f5 24. Nec3 Qc6 25. Re1 Qxf3 26. gxf3 Bf6 27. Re6 Ra6 28.
Rfe2 Kf7 29. R6e3 Rc6 30. Kg2 Rd7 31. Re8 Nxc2 32. Ra8 Nb4 33. Rxa5 Nd3 34. Kf1
Nf4 35. Re3 Bh4 36. Ra8 Rd2 37. Rb8 Rf2+ 38. Kg1 Rxb2 39. Rxb7+ Kf6 40. Nd6 Bf2+
41. Kf1 Bxe3 42. Ne8+ Kg5 43. Rxb2 Rxc3 0-1

[Event "Olimpiade 2014 - Open"]
[Site "Tromsø"]
[Date "14.08.2014"]
[Round "11.13"]
[Board "4"]
[White "Van Wely, Loek"]
[Black "Latorre, Matias"]
[Result "1-0"]
[WhiteTitle "GM"]
[BlackTitle "FM"]
[WhiteElo "2662"]
[BlackElo "2277"]
[WhiteTeam "Netherlands"]
[BlackTeam "Paraguay"]
[WhiteFideId "1000268"]
[BlackFideId "3701107"]
[EventDate "2014.08.02"]

1. Nf3 Nf6 2. c4 b6 3. Nc3 Bb7 4. d4 e6 5. a3 Be7 6. d5 O-O 7. g3 d6 8. Bg2 e5
9. O-O h6 10. b4 Nbd7 11. e4 Nh7 12. Rb1 Ba6 13. Qd3 Ng5 14. Nd2 g6 15. f4 Nh7
16. Nf3 exf4 17. gxf4 Bf6 18. Ne2 Re8 19. Ned4 Qe7 20. Re1 Qf8 21. Rb2 Qg7 22.
Rbe2 Nhf8 23. Nc6 Bc3 24. Rf1 f5 25. e5 Ba1 26. Rfe1 Bb7 27. Bd2 dxe5 28. Ncxe5
Bb2 29. Qb3 Bxe5 30. fxe5 g5 31. Bc3 g4 32. e6 Nf6 33. Ne5 Nh5 34. Qc2 f4 35.
Qf5 f3 36. Qxh5 fxe2 37. Qf7+ Qxf7 38. exf7+ 1-0

[Event "Olimpiade 2014 - Open"]
[Site "Tromsø"]
[Date "14.08.2014"]
[Round "11.14"]
[Board "1"]
[White "Smerdon, David"]
[Black "Meier, Georg"]
[Result "1/2-1/2"]
[WhiteTitle "GM"]
[BlackTitle "GM"]
[WhiteElo "2513"]
[BlackElo "2646"]
[WhiteTeam "Australia"]
[BlackTeam "Germany"]
[WhiteFideId "3202305"]
[BlackFideId "4675789"]
[EventDate "2014.08.02"]

1. e4 e6 2. d4 d5 3. Nc3 dxe4 4. Nxe4 Nd7 5. Nf3 Ngf6 6. Nxf6+ Nxf6 7. c3 Be7 8.
Bd3 O-O 9. O-O b6 10. Qe2 Bb7 11. Bf4 c5 12. dxc5 bxc5 13. Rad1 Qb6 14. Rd2 Rad8
15. Rfd1 Qc6 16. Bb5 Qc8 17. Ne5 Rxd2 18. Rxd2 Qa8 19. f3 Nd5 20. Bg3 Rd8 21. c4
Nb6 22. Nd7 Nxd7 23. Bxd7 Bc6 24. Bxc6 Rxd2 25. Qxd2 Qxc6 26. b3 f6 27. h3 Kf7
28. Qd3 g6 29. h4 h5 30. Qd2 Kg7 31. Kf2 a6 32. Bf4 Kf7 33. g3 e5 34. Be3 Ke6
35. Qd3 f5 36. Bg5 Bxg5 37. hxg5 Qd6 38. Qxd6+ Kxd6 39. Ke3 a5 40. f4 exf4+ 41.
Kxf4 Ke6 42. a3 Kd6 43. Kf3 Ke5 44. Ke3 Kd6 45. Kf4 Ke6 46. Kf3 Ke5 47. Ke3 Kd6 1/2-1/2

[Event "Olimpiade 2014 - Open"]
[Site "Tromsø"]
[Date "14.08.2014"]
[Round "11.14"]
[Board "2"]
[White "Fridman, Daniel"]
[Black "Ly, Moulthun"]
[Result "1-0"]
[WhiteTitle "GM"]
[BlackTitle "IM"]
[WhiteElo "2639"]
[BlackElo "2462"]
[WhiteTeam "Germany"]
[BlackTeam "Australia"]
[WhiteFideId "11600454"]
[BlackFideId "3204405"]
[EventDate "2014.08.02"]

1. d4 Nf6 2. c4 e6 3. Nc3 Bb4 4. Qc2 O-O 5. Nf3 c5 6. dxc5 Na6 7. g3 Nxc5 8. Bg2
b6 9. O-O Bb7 10. Nb5 Be4 11. Qd1 a6 12. Nd6 Bc6 13. Bg5 h6 14. Bxf6 Qxf6 15. a3
Ba4 16. Qb1 Nb3 17. axb4 Nxa1 18. Qxa1 Bc6 19. e4 Qd8 20. Ne5 b5 21. c5 a5 22.
bxa5 Rxa5 23. Qc1 Qc7 24. Qc3 Qa7 25. Rc1 Ra1 26. Bf1 Rxc1 27. Qxc1 f6 28. Nxc6
dxc6 29. e5 Qa4 30. Bh3 fxe5 31. Bxe6+ Kh7 32. Qb1+ g6 33. b4 Qa7 34. Qb2 Qg7
35. Bh3 h5 36. Bg2 Qd7 37. Qxe5 1-0

[Event "Olimpiade 2014 - Open"]
[Site "Tromsø"]
[Date "14.08.2014"]
[Round "11.14"]
[Board "3"]
[White "Illingworth, Max"]
[Black "Nisipeanu, Liviu-Dieter"]
[Result "1-0"]
[WhiteTitle "IM"]
[BlackTitle "GM"]
[WhiteElo "2439"]
[BlackElo "2689"]
[WhiteTeam "Australia"]
[BlackTeam "Germany"]
[WhiteFideId "3205207"]
[BlackFideId "1202758"]
[EventDate "2014.08.02"]

1. e4 c5 2. Nf3 e6 3. d4 cxd4 4. Nxd4 Nc6 5. Nc3 Qc7 6. Be3 a6 7. Qd2 Nf6 8. f4
b5 9. e5 Ng4 10. Bg1 Bb7 11. O-O-O Nxd4 12. Bxd4 Be7 13. Bd3 f5 14. h3 Nh6 15.
Rhg1 O-O 16. g4 Bc6 17. g5 Nf7 18. g6 Nh6 19. Qf2 Rac8 20. Kb1 b4 21. Ne2 Bb5
22. Qg3 Kh8 23. gxh7 Rf7 24. Bxb5 axb5 25. Rd2 Qc6 26. Qd3 Kxh7 27. Be3 Ra8 28.
Nd4 Qa6 29. Qb3 Qb7 30. Rf2 Ra6 31. Nf3 Kh8 32. Nd4 Ra4 33. Ne2 Kh7 34. Qd3 Ra6
35. Nc1 Rc6 36. Qe2 Rc4 37. Qh5 Qc8 38. Rg6 Qf8 39. Rfg2 Re4 40. Bd2 Rd4 41. Nd3
Kh8 42. b3 Re4 43. Ne1 d6 44. Nf3 dxe5 45. Ng5 Rf6 46. Nxe4 Rxg6 47. Rxg6 fxe4
48. Qxe5 Bf6 49. Qxe4 1-0

[Event "Olimpiade 2014 - Open"]
[Site "Tromsø"]
[Date "14.08.2014"]
[Round "11.14"]
[Board "4"]
[White "Baramidze, David"]
[Black "Smirnov, Anton"]
[Result "1/2-1/2"]
[WhiteTitle "GM"]
[BlackTitle "FM"]
[WhiteElo "2612"]
[BlackElo "2334"]
[WhiteTeam "Germany"]
[BlackTeam "Australia"]
[WhiteFideId "4667719"]
[BlackFideId "3208923"]
[EventDate "2014.08.02"]

1. d4 Nf6 2. c4 g6 3. Nc3 d5 4. cxd5 Nxd5 5. e4 Nxc3 6. bxc3 Bg7 7. Nf3 c5 8.
Rb1 O-O 9. Be2 cxd4 10. cxd4 Qa5+ 11. Bd2 Qxa2 12. O-O Bg4 13. Bg5 h6 14. Bh4 g5
15. Bg3 Nc6 16. d5 Rfd8 17. Rxb7 Rac8 18. Re1 e6 19. d6 Bxf3 20. Bxf3 Qa6 21.
Qb1 Rb8 22. Rxb8 Rxb8 23. Qc1 Be5 24. d7 Rd8 25. Bxe5 Nxe5 26. Qc7 Nxf3+ 27.
gxf3 Qb6 28. Rc1 Qxc7 29. Rxc7 Kf8 30. Rxa7 Ke7 31. Kg2 1/2-1/2

[Event "Olimpiade 2014 - Open"]
[Site "Tromsø"]
[Date "14.08.2014"]
[Round "11.15"]
[Board "1"]
[White "Ivanisevic, Ivan"]
[Black "Gonzalez Zamora, Juan Carlos"]
[Result "1-0"]
[WhiteTitle "GM"]
[BlackTitle "GM"]
[WhiteElo "2613"]
[BlackElo "2544"]
[WhiteTeam "Serbia"]
[BlackTeam "Mexico"]
[WhiteFideId "912417"]
[BlackFideId "3507548"]
[EventDate "2014.08.02"]

1. d4 Nf6 2. c4 b6 3. f3 Nc6 4. Nc3 e5 5. d5 Ne7 6. e4 Ng6 7. Be3 Bc5 8. Qd2 O-O
9. O-O-O Bxe3 10. Qxe3 d6 11. h4 h6 12. Nge2 a6 13. Ng3 Nf4 14. Rh2 Bd7 15. Nf5
b5 16. g3 N4h5 17. Ne2 Nh7 18. g4 N5f6 19. Neg3 Kh8 20. c5 b4 21. c6 Bc8 22. g5
Ng8 23. f4 Re8 24. Bd3 a5 25. Rg1 exf4 26. Qxf4 Re5 27. gxh6 g6 28. Nd4 Ngf6 29.
Nf3 Qe7 30. Rf2 a4 31. Ng5 Rxg5 32. hxg5 Ng4 33. Qxf7 Qxf7 34. Rxf7 Ne5 35.
Rxh7+ Kxh7 36. Be2 Bh3 37. Kd2 a3 38. b3 Rf8 39. Ke3 Bg4 40. Rf1 Re8 41. Bxg4
Nxg4+ 42. Kd4 Ne5 43. Rf6 Re7 44. Ne2 Rf7 45. Rxf7+ Nxf7 46. Nf4 Nxg5 47. Ne6
Nf3+ 48. Ke3 Ne5 49. Nxc7 Nc4+ 50. Kf4 Kxh6 51. Ne6 Nb6 52. c7 Kh5 53. Ng5 Kh4
54. Nf7 Nc8 55. e5 1-0

[Event "Olimpiade 2014 - Open"]
[Site "Tromsø"]
[Date "14.08.2014"]
[Round "11.15"]
[Board "2"]
[White "Leon Hoyos, Manuel"]
[Black "Perunovic, Milos"]
[Result "0-1"]
[WhiteTitle "GM"]
[BlackTitle "GM"]
[WhiteElo "2517"]
[BlackElo "2602"]
[WhiteTeam "Mexico"]
[BlackTeam "Serbia"]
[WhiteFideId "5105269"]
[BlackFideId "921629"]
[EventDate "2014.08.02"]

1. e4 c5 2. Nf3 e6 3. d4 cxd4 4. Nxd4 Nc6 5. Nc3 Qc7 6. Be3 a6 7. Qd2 Nf6 8. f4
Bb4 9. Bd3 O-O 10. a3 Be7 11. e5 Ng4 12. Bg1 f5 13. O-O-O b5 14. h3 Nh6 15. g4
Bb7 16. Rh2 b4 17. axb4 Bxb4 18. Kb1 Rab8 19. Nde2 Ne7 20. gxf5 Bf3 21. Bd4
Nhxf5 22. Bxf5 Nxf5 23. Kc1 Qa5 24. Qd3 Nxd4 25. Qxd4 Qa1+ 26. Nb1 Ba3 27. Kd2
Bxb2 28. Qe3 Bh5 29. Ke1 Qa5+ 30. c3 Bg6 31. Nd2 Rbc8 32. Ne4 Bxe4 33. Qxe4
Bxc3+ 34. Kf1 Qxe5 35. Qf3 Qb5 36. Kg1 Bf6 37. Rg2 Rc2 38. Kh1 Rb2 39. Rdg1 Rb3
40. Qg4 h5 41. Qg6 Rxh3+ 42. Rh2 Rxh2+ 43. Kxh2 Qxe2+ 0-1

[Event "Olimpiade 2014 - Open"]
[Site "Tromsø"]
[Date "14.08.2014"]
[Round "11.15"]
[Board "3"]
[White "Markus, Robert"]
[Black "Hernandez Guerrero, Gilberto"]
[Result "1/2-1/2"]
[WhiteTitle "GM"]
[BlackTitle "GM"]
[WhiteElo "2602"]
[BlackElo "2519"]
[WhiteTeam "Serbia"]
[BlackTeam "Mexico"]
[WhiteFideId "921637"]
[BlackFideId "5100011"]
[EventDate "2014.08.02"]

1. d4 Nf6 2. c4 g6 3. Nf3 Bg7 4. g3 O-O 5. Bg2 c5 6. O-O cxd4 7. Nxd4 Nc6 8. Nc3
Qa5 9. Nc2 d6 10. Nd5 Nxd5 11. cxd5 Ne5 12. Bd2 Qb6 13. Bc3 Bd7 14. Bd4 Qa6 15.
a4 Rfc8 16. b3 Ng4 17. Na3 Qa5 18. Bxg7 Kxg7 19. Qd4+ Nf6 20. Nc4 Qb4 21. Qe3
Rc7 22. Rfd1 b5 23. axb5 Bxb5 24. Na5 Qc3 25. Qxc3 Rxc3 26. Bf3 a6 27. b4 Rac8
28. e3 R8c7 29. h3 h5 30. Rdb1 g5 31. Nb3 g4 32. hxg4 hxg4 33. Bg2 Bd3 34. Rb2
Bc4 35. Nd4 Nxd5 36. Nf5+ Kg6 37. Be4 Kg5 38. Ra5 Rc1+ 39. Kh2 Bb5 40. Nd4 Nc3
41. Bf5 e5 42. Nxb5 axb5 43. Rc2 Nd1 44. Rxc1 Rxc1 45. Bh7 Nxf2 46. Rxb5 f5 47.
Rb8 Ne4 48. b5 Rc2+ 49. Kg1 Rc1+ 50. Kh2 Rc2+ 51. Kg1 Rb2 52. b6 Rb1+ 53. Kg2
Rb2+ 54. Kg1 Nf6 55. b7 Nd7 56. Rg8+ Kf6 57. Rg6+ Kf7 58. Rxd6 Rxb7 59. Bxf5 1/2-1/2

[Event "Olimpiade 2014 - Open"]
[Site "Tromsø"]
[Date "14.08.2014"]
[Round "11.15"]
[Board "4"]
[White "Ibarra Chami, Luis Fernando"]
[Black "Sedlak, Nikola"]
[Result "0-1"]
[WhiteTitle "IM"]
[BlackTitle "GM"]
[WhiteElo "2467"]
[BlackElo "2554"]
[WhiteTeam "Mexico"]
[BlackTeam "Serbia"]
[WhiteFideId "5105048"]
[BlackFideId "922900"]
[EventDate "2014.08.02"]

1. e4 e6 2. d4 d5 3. Nd2 dxe4 4. Nxe4 Nd7 5. Bd3 Ngf6 6. Qe2 Be7 7. Nf3 Nxe4 8.
Bxe4 O-O 9. O-O Nf6 10. Bd3 b6 11. Rd1 Bb7 12. c4 Qd6 13. Ne5 c5 14. Bf4 cxd4
15. Ng6 Qd7 16. Nxf8 Qc6 17. f3 Rxf8 18. Be5 Rd8 19. Bxf6 Bxf6 20. Be4 Qc7 21.
Bxb7 Qxb7 22. b4 h5 23. Qd3 Bg5 24. a4 h4 25. Ra2 Be3+ 26. Qxe3 dxe3 27. Rxd8+
Kh7 28. Rd3 Qc7 29. Rc2 Qe5 30. Rd1 h3 31. gxh3 Qf5 32. Re2 Qxf3 33. Rde1 Qxh3
34. Rxe3 Qg4+ 35. Kh1 Qxc4 36. Re4 Qd5 37. Kg1 g5 38. b5 Kg6 39. R1e2 Kf5 40.
R4e3 Qd1+ 41. Kg2 Qxa4 42. Rf3+ Kg6 43. Ref2 f5 44. Re2 Kf6 45. Rfe3 Qc4 46. Kf2
e5 47. Rh3 e4 48. Rh7 f4 49. h3 e3+ 0-1